| 000 | 00754cab a2200241 4500 | ||
|---|---|---|---|
| 001 | ABS48320 | ||
| 008 | 090401t1993 xxu||||| |||| 00| 0 eng d | ||
| 035 | _a(Sirsi) u66169 | ||
| 041 | _aeng | ||
| 100 | _aDoyle, N. | ||
| 245 | _aWhen trouble calls | ||
| 260 | _c1993 | ||
| 350 | _a0 | ||
| 490 |
_aNew Builder _v(167) 19 March 1993, 21(1) |
||
| 520 | _aDescribes how insolvency practitioners can help solve the problems faced by property and construction companies rather than letting them slip into insolvency. | ||
| 650 | _aADMINISTRATION | ||
| 650 | _aINSOLVENCY PRACTITIONERS | ||
| 650 | _aLIQUIDATION | ||
| 650 | _aRECEIVERSHIP | ||
| 690 | _aMANAGEMENT-BUSINESS MANAGEMENT-PROFESSIONAL PRACTICE | ||
| 942 | _n0 | ||
| 948 | _c04/03/1997 | ||
| 999 |
_c41364 _d41364 |
||